|
|
|
|
| LEADER |
00000nam0a2200000 4500 |
| 001 |
254525 |
| 005 |
20231101232938.0 |
| 010 |
|
|
|a 5752500567
|
| 035 |
|
|
|a (RuTPU)RU\TPU\book\277005
|
| 090 |
|
|
|a 254525
|
| 100 |
|
|
|a 20140321d1989 k y0rusy50 ca
|
| 101 |
0 |
|
|a rus
|
| 102 |
|
|
|a RU
|
| 105 |
|
|
|a a z 001zy
|
| 200 |
1 |
|
|a Неравновесные системы: целостность, эффективность, надежность.
|f Г. П. Быстрай, Д. В. Пивоваров
|
| 210 |
|
|
|a Свердловск
|c Изд-во Уральского ун-та
|d 1989
|
| 215 |
|
|
|a 192 с.
|c ил.
|
| 320 |
|
|
|a Библиогр.: с. 180-184.
|
| 606 |
1 |
|
|a Синергетика
|x (термодинамика)
|2 stltpush
|3 (RuTPU)RU\TPU\subj\54853
|9 72928
|
| 610 |
1 |
|
|a неравновесные процессы
|
| 610 |
1 |
|
|a системный анализ
|
| 610 |
1 |
|
|a потоковые системы
|
| 610 |
1 |
|
|a фазовые переходы
|
| 610 |
1 |
|
|a нелинейные системы
|
| 610 |
1 |
|
|a управление
|
| 610 |
1 |
|
|a функционирование
|
| 610 |
1 |
|
|a надежность
|
| 610 |
1 |
|
|a физические системы
|
| 610 |
1 |
|
|a моделирование
|
| 675 |
|
|
|a 536.75
|v 3
|
| 700 |
|
1 |
|a Быстрай
|b Г. П.
|g Геннадий Павлович
|
| 701 |
|
1 |
|a Пивоваров
|b Д. В.
|g Даниил Валентинович
|
| 801 |
|
1 |
|a RU
|b 63413507
|c 20140321
|
| 801 |
|
2 |
|a RU
|b 63413507
|c 20140411
|g RCR
|
| 942 |
|
|
|c BK
|